000 00586cam a22002055a 4500
001 L141422
008 071122s1970 xxkc of 000 0deng d
035 _a(Sirsi) u141422
041 0 _aeng
050 0 4 _a920 $2 18
110 2 _aHealey and Baker
_91907
245 0 0 _aHealey & Baker
_b1820-1970
260 _a[London]
_b[Healey & Baker]
_c[1970]
300 _a26 p.
_bill., ports.
_c23 cm.
520 _aA history of the firm of Healey & Baker.
520 _aTitle from cover.
651 4 _aUnited Kingdom
_y
690 _aABOUT RICS-RICS MEMBERS-CHARTERED SURVEYORS
942 _n0
999 _c107655
_d107655